Normal view
MARC view
- Mumtaz,Kamil Khan
Entry Personal Name
001 - CONTROL NUMBER
- control field: 126421
003 - CONTROL NUMBER IDENTIFIER
- control field: NUST
005 - DATE AND TIME OF LATEST TRANSACTION
- control field: 20241022102822.0
008 - FIXED-LENGTH DATA ELEMENTS
- fixed length control field: 241022|| aca||aabn | a|a d
040 ## - CATALOGING SOURCE
- Original cataloging agency: NUST
- Transcribing agency: NUST
100 ## - HEADING--PERSONAL NAME
- Personal name: Mumtaz,Kamil Khan
670 ## - SOURCE DATA FOUND
- Source citation: Work cat.: (NUST)612113: Seminar on Hindo Shahiya Temples of the Salt Range. Lahore, Pakistan) (1990 : 126419, Temples of koh-e-Jud & thar:, 1989.
